Library Banner

برطانوی راج کے آخری ایام (Record no. 66163)

MARC details
000 -LEADER
fixed length control field 00452nam a22001577a 4500
005 - DATE AND TIME OF LATEST TRANSACTION
control field 20150212152648.0
008 - FIXED-LENGTH DATA ELEMENTS--GENERAL INFORMATION
fixed length control field 150212b xxu||||| |||| 00| 0 eng d
040 ## - CATALOGING SOURCE
Transcribing agency PK-LaUMT
082 ## - DEWEY DECIMAL CLASSIFICATION NUMBER
Classification number KHC 954.0359
Item number MOS-B
100 ## - MAIN ENTRY--PERSONAL NAME
Personal name موزلے، لیونارڈ
245 ## - TITLE STATEMENT
Title برطانوی راج کے آخری ایام
Statement of responsibility, etc لیونارڈ موزلے
260 ## - PUBLICATION, DISTRIBUTION, ETC. (IMPRINT)
Place of publication, distribution, etc لاہور
Name of publisher, distributor, etc نقوش
Date of publication, distribution, etc 2008
300 ## - PHYSICAL DESCRIPTION
Extent 492 ص
700 ## - ADDED ENTRY--PERSONAL NAME
Personal name سید فضل حسن
942 ## - ADDED ENTRY ELEMENTS (KOHA)
Koha item type Books
Holdings
Withdrawn status Lost status Damaged status Home library Current library Date acquired Full call number Barcode Date last seen Price effective from Koha item type
      UMT Main Campus UMT Main Campus 2015-02-12 KHC 954.0359 MOS-B 70968 2015-02-12 2015-02-12 Books